| 000 | 01232cam a2200373 a 4500 | ||
|---|---|---|---|
| 001 | 14725242 | ||
| 003 | OSt | ||
| 005 | 20150619104248.0 | ||
| 008 | 070206s1989 enk 001 0 eng | ||
| 010 | _a 2007367913 | ||
| 015 | _aGB89-37900 | ||
| 020 | _a0406578125 (pbk.) | ||
| 020 | _a9780406578129 (pbk.) | ||
| 035 | _a(OCoLC)ocm19741440 | ||
| 035 | _a(OCoLC)19741440 | ||
| 040 |
_aUKM _cUKM _dOCL _dBAKER _dDLC |
||
| 042 | _alccopycat | ||
| 043 | _ae-uk-en | ||
| 050 | 0 | 0 |
_aKD899 _b.S6554 1989 |
| 082 | 0 | 4 |
_a346.0434 SMI _220 |
| 100 | 1 |
_aSmith, Peter _q(Peter F.) _91369 |
|
| 245 | 1 | 0 | _aEvans and Smith, the law of landlord and tenant. |
| 250 |
_a3rd ed. / _bP.F. Smith. |
||
| 260 |
_aLondon : _bButterworths, _c1989. |
||
| 300 |
_alx, 598 p. ; _c22 cm. |
||
| 500 | _aPrevious ed.: Published as law of landlord and tenant/David Lloyd Evans. 1985. | ||
| 500 | _aIncludes index. | ||
| 650 | 0 |
_aLandlord and tenant _zEngland. _91370 |
|
| 653 |
_aEngland _aTenancies _aLaw |
||
| 700 | 1 |
_aEvans, David Lloyd. _tLaw of landlord and tenant. _91371 |
|
| 906 |
_a7 _bcbc _ccopycat _d2 _encip _f20 _gy-gencatlg |
||
| 942 |
_2ddc _cBK |
||
| 999 |
_c462 _d462 |
||